The Seamstress/ (Record no. 195671)

MARC details
000 -LEADER
fixed length control field 00607nam a22002177a 4500
005 - DATE AND TIME OF LATEST TRANSACTION
control field 20230417105123.0
010 ## - LCCN (DPL NO)
LC control number ENG-136685
020 ## - INTERNATIONAL STANDARD BOOK NUMBER
Terms of availability 1229.00
International Standard Book Number 9781920694937
020 ## - INTERNATIONAL STANDARD BOOK NUMBER
Terms of availability 650.00
International Standard Book Number 9780070146228
035 ## - SYSTEM CONTROL NUMBER
System control number EN-120217
037 ## - SOURCE OF ACQUISITION
Source of stock number/acquisition DBAD/PUB
082 ## - DEWEY DECIMAL CLASSIFICATION NUMBER
Classification number N
100 ## - MAIN ENTRY--PERSONAL NAME
Personal name Wooller, Geraldine
245 ## - TITLE STATEMENT
Title The Seamstress/
Statement of responsibility, etc By Geraldine Wooller
250 ## - EDITION STATEMENT
Edition statement First
260 ## - PUBLICATION, DISTRIBUTION, ETC. (IMPRINT)
Place of publication, distribution, etc Australia
Name of publisher, distributor, etc University Of Western Australia Press
Date of publication, distribution, etc 2007
270 ## - ADDRESS
Address Crawley, Western Australia
City Australia
Postal code 6009
300 ## - PHYSICAL DESCRIPTION
Extent 227p.:
Dimensions 20cm(pbk)
Other physical details ill.
500 ## - GENERAL NOTE
General note Includes index
942 ## - ADDED ENTRY ELEMENTS (KOHA)
Source of classification or shelving scheme Dewey Decimal Classification
Item type English Books
Call number suffix WOO
Classification part N
Holdings
Withdrawn status Lost status Not for loan Collection code Home library Current library Date acquired Source of acquisition Cost, normal purchase price Full call number Barcode Copy number Cost, replacement price Koha item type
      Fiction Shahdara Branch Shahdara Branch 17/04/2023 DBAD/PUB 1229.00 N WOO EN-120217 1 1229.00 English Books

© Delhi Public Library
Hit Counter
free hit counter